Hazards of Water Safety sharing the experience
Enregistré dans:
| Format: | Livre |
|---|---|
| Langue: | anglais |
| Publié: |
Rugby
Institution of Chemical Engineers
2004
|
| Édition: | 1. vyd. |
| Collection: | BP Process Safety Series
|
| Accès en ligne: | Voir à l'OPAC |
| Tags: |
Pas de tags, Soyez le premier à ajouter un tag!
|
MARC
| LEADER | 00000nam a2200000 a 4500 | ||
|---|---|---|---|
| 005 | 20260127134334.0 | ||
| 008 | 050304 2004 enk 000 0 eng d | ||
| 020 | |a 0852954662 | ||
| 035 | |a vtls001517553 | ||
| 039 | 9 | |y 200503041149 |z mschk03 | |
| 040 | |a STUSCHK1 |b slo |c STUSCHK1 |e AACR2 | ||
| 080 | |a 614.8 | ||
| 245 | 1 | |a Hazards of Water |b Safety sharing the experience | |
| 250 | |a 1. vyd. | ||
| 260 | |a Rugby |b Institution of Chemical Engineers |c 2004 | ||
| 300 | |a V, 64 s. | ||
| 490 | 0 | |a BP Process Safety Series | |
| 910 | |a SCHK95 | ||
| 919 | |a 0-85295-466-2 | ||
| 999 | |c 10221 |d 10221 | ||